[Event "Zehlendorf op"]
[Site "Berlin"]
[Date "2007.11.08"]
[Round "4"]
[White "Schneider, Jochen"]
[Black "Von Jutrzenka, Robert"]
[Result "1-0"]
[WhiteElo "1921"]
[BlackElo "1782"]
[PlyCount "47"]
[EventDate "2007.10.11"]
[EventType "swiss"]
[EventRounds "7"]
[EventCountry "GER"]
[SourceTitle "EXT 2010"]
[Source "ChessBase"]
[SourceDate "2010.11.25"]
[SourceVersion "1"]
[SourceVersionDate "2010.11.25"]
[SourceQuality "1"]

1. d4 d5 2. g3 Nf6 3. Bg2 Bf5 4. Nf3 c6 5. Nbd2 Nbd7 6. Nh4 Bg6 7. c4 e6 8. 0-0 Be7 9. Nxg6 hxg6 10. b3 Qc7 11. Bb2 Ng4 12. e4 Ngf6 13. exd5 exd5 14. Re1 Nb6 15. a4 a5 16. Ba3 Nc8 17. cxd5 Nxd5 18. Bxd5 cxd5 19. Rc1 Qd7 20. Rxc8+ Rxc8 21. Rxe7+ Qxe7 22. Bxe7 Kxe7 23. Qe2+ Kd6 24. Qe5+ 1-0

[Event "Zehlendorf op"]
[Site "Berlin"]
[Date "2007.10.25"]
[Round "2"]
[White "Schneider, Jochen"]
[Black "Slepuschkin, Shenja"]
[Result "1-0"]
[WhiteElo "1921"]
[BlackElo "1889"]
[PlyCount "89"]
[EventDate "2007.10.11"]
[EventType "swiss"]
[EventRounds "7"]
[EventCountry "GER"]
[SourceTitle "EXT 2010"]
[Source "ChessBase"]
[SourceDate "2010.11.25"]
[SourceVersion "1"]
[SourceVersionDate "2010.11.25"]
[SourceQuality "1"]

1. d4 f5 2. g3 Nf6 3. Bg2 e6 4. c4 Nc6 5. Nf3 Bb4+ 6. Bd2 Bxd2+ 7. Nbxd2 0-0 8. 0-0 d5 9. Rc1 Ne4 10. e3 Bd7 11. a3 Be8 12. b4 Bh5 13. Qc2 Rc8 14. Nb3 Qf6 15. cxd5 exd5 16. Nc5 Nxc5 17. Qxc5 Bf7 18. b5 Na5 19. Qb4 Nc4 20. Nd2 Nxd2 21. Qxd2 c6 22. Qb4 Rc7 23. bxc6 bxc6 24. Rc5 Rfc8 25. Rfc1 g5 26. Qa5 Qd6 27. Bf1 h5 28. Qa4 Be8 29. Qc2 Bd7 30. Bg2 Be6 31. Bf3 g4 32. Be2 Bd7 33. a4 Kg7 34. Rb1 Be6 35. Ba6 Rf8 36. Rb7 Rff7 37. Rxc7 Rxc7 38. Qb2 Qd8 39. Rc3 h4 40. Rb3 hxg3 41. hxg3 Bc8 42. Rb8 Qd7 43. Bd3 Rb7 44. Rxb7 Bxb7 45. Bxf5 1-0